| 000 | 01749nam a22002177 4500 | ||
|---|---|---|---|
| 999 |
_c1461 _d1461 |
||
| 003 | AR-BaISA | ||
| 005 | 20231020133358.0 | ||
| 007 | ta | ||
| 008 | 231020s2010 ag |||| |||| 000 0 spa d | ||
| 040 |
_bspa _cAR-BaISA |
||
| 082 | 0 | 4 |
_222 _a610.28 F392 |
| 245 | 1 | 0 |
_aSalud electrónica en América Latina y el Caribe: _bavances y desafíos / _cAndrés Fernández y Enrique Oviedo (editores) |
| 260 |
_aSantiago de Chile: _bNaciones Unidas, _c2010 |
||
| 300 | _a189 p. | ||
| 504 | _aBibliografía p.: 183-189. | ||
| 505 |
_tPotencialidades de la salud electrónica en el contexto social y epidemiológico de América Latina y el Caribe -- _tAntecedentes y aplicaciones de salud electrónica en Argentina -- _tIniciativas de telesalud en Brasil -- _tTecnologías de información y comunicación en salud: proyectos habilitantes y aplicaciones en Chile -- _tRegulaciones, aplicaciones y desafíos para la salud electrónica en Colombia -- _tTelesalud en Costa Rica: experiencias y retos -- _tPotencialidades para el desarrollo de la salud electrónica en Ecuador -- _tPolítica, programas y proyectos de salud electrónica en México -- _tPrograma Nacional de Telemedicina y Telesalud en Panamá -- _tSalud electrónica en el Perú: un tema urgente -- _tPrincipales hitos y desafíos para Uruguay en el desarrollo de la salud electrónica -- _tProyectos tecnológicos para la salud electrónica en la República Bolivariana de Venezuela -- _tSistemas de información para la salud pública en el Caribe -- _tExperiencia española en sanidad electrónica: contrapuntos para América Latina y el Caribe |
||
| 650 | 1 | 0 |
_93138 _aTelemedicina _zAmérica Latina |
| 700 | 1 |
_93139 _aFernández, Andrés _eed. |
|
| 700 | 1 |
_93140 _aOviedo, Enrique _eed. |
|
| 942 |
_2ddc _cLI _e22 |
||